The lonely crowd; (Record no. 184223)

000 -LEADER
fixed length control field 01076 a2200205 4500
003 - CONTROL NUMBER IDENTIFIER
control field NUST
005 - DATE AND TIME OF LATEST TRANSACTION
control field 20221215133945.0
010 ## - LIBRARY OF CONGRESS CONTROL NUMBER
LC control number 61011404
040 ## - CATALOGING SOURCE
Transcribing agency Nust
082 ## - DEWEY DECIMAL CLASSIFICATION NUMBER
Classification number 324.27,RIE
100 ## - MAIN ENTRY--PERSONAL NAME
Personal name Riesman, David,
9 (RLIN) 50654
245 ## - TITLE STATEMENT
Title The lonely crowd;
Remainder of title a study of the changing American character /
Statement of responsibility, etc. David Riesman, Nathan Glazer and Reuel Denney
250 ## - EDITION STATEMENT
Edition statement Abridged ed. with a new foreword
260 ## - PUBLICATION, DISTRIBUTION, ETC.
Place of publication, distribution, etc. Yale University Press
Name of publisher, distributor, etc. New Haven
Date of publication, distribution, etc. 1961
300 ## - PHYSICAL DESCRIPTION
Extent 315 p.:
Other physical details 21 cm
505 ## - FORMATTED CONTENTS NOTE
Formatted contents note Part-1: Character (Page-17), From Morality to Morale Changes in the Agents of Character Formation (Page-54), A jury of Three Peers Changes in the Agents of Character Formation (Page-86), Storytellers as Tutors Tech Nique Changes in the Agents of Character Formation (Page-105), The Inner Directed Round of Life (Page-133), The other Directed Round of Life From Invisible Hand to Glad Hand (Page-151), Politics (Page-191).
600 ## - SUBJECT ADDED ENTRY--PERSONAL NAME
Personal name Riesman, David,
9 (RLIN) 50654
650 ## - SUBJECT ADDED ENTRY--TOPICAL TERM
Topical term or geographic name entry element The lonely crowd; a study of the changing American character
9 (RLIN) 104972
942 ## - ADDED ENTRY ELEMENTS (KOHA)
Source of classification or shelving scheme
Koha item type Book
Call number prefix 324.27,RIE
Holdings
Withdrawn status Lost status Source of classification or shelving scheme Damaged status Not for loan Permanent Location Current Location Shelving location Date acquired Full call number Barcode Date last seen Price effective from Koha item type Public note
          Military College of Signals (MCS) Military College of Signals (MCS) General Stacks 12/12/2016 324.27,RIE MCS30132 12/08/2016 12/12/2016 Book Almirah No.49, Shelf No.6
© 2023 Central Library, National University of Sciences and Technology. All Rights Reserved.